| 000 | 01018pam a2200265 a 4500 | ||
|---|---|---|---|
| 001 | 2958529 | ||
| 003 | NUST-PNEC | ||
| 005 | 20170116180719.0 | ||
| 008 | 910412s1992 paua c 001 0 eng | ||
| 010 | _a 91000697 | ||
| 020 | _a0830630260 : | ||
| 040 |
_aDLC _cPNEC _dDLC |
||
| 050 | 0 | 0 |
_aTK7874 _b.G5 1991 |
| 082 | 0 | 0 |
_a621.3815 GIB _220 |
| 100 | 1 | _aGibilisco, Stan. | |
| 245 | 1 | 0 |
_aInternational encyclopedia of integrated circuits / _cStan Gibilisco. |
| 250 | _a2nd ed. | ||
| 260 |
_aBlue Ridge Summit, PA : _bTab Books, _cc1992. |
||
| 300 |
_axxii, 1142 p. : _bill. ; _c29 cm. |
||
| 500 | _aIncludes index. http://www.amazon.com/International-Encyclopedia-Integrated-Circuits-Gibilisco/dp/0830630260/ref=sr_1_1?s=books&ie=UTF8&qid=1414128581&sr=1-1&keywords=0830630260 | ||
| 650 | 0 |
_aIntegrated circuits _xCatalogs. |
|
| 906 |
_a7 _bcbc _corignew _d1 _eocip _f19 _gy-gencatlg |
||
| 942 |
_2ddc _cBK |
||
| 999 |
_c61302 _d61302 |
||